Radio projects / (Record no. 183073)

000 -LEADER
fixed length control field 00794 a2200181 4500
003 - CONTROL NUMBER IDENTIFIER
control field Nust
005 - DATE AND TIME OF LATEST TRANSACTION
control field 20221220115242.0
040 ## - CATALOGING SOURCE
Transcribing agency Nust
082 ## - DEWEY DECIMAL CLASSIFICATION NUMBER
Classification number 621.384,MAR
100 ## - MAIN ENTRY--PERSONAL NAME
Personal name Marcus, Abraham
9 (RLIN) 40045
245 ## - TITLE STATEMENT
Title Radio projects /
Statement of responsibility, etc. Abraham Marcus,
260 ## - PUBLICATION, DISTRIBUTION, ETC.
Place of publication, distribution, etc. Prentice-Hall,
Name of publisher, distributor, etc. Englewood Cliffs [N.J
Date of publication, distribution, etc. 1955
300 ## - PHYSICAL DESCRIPTION
Extent 74 p
Other physical details illus
Dimensions 29 cm
505 ## - FORMATTED CONTENTS NOTE
Formatted contents note How to Solder (Page-1), Crystal Detector Receiver (Page-6) Diode Detector Receiver (Page-12), The Regenerative Receiver (Page-18), A-C Power Supply #1 (Page-25), A-C Power Supply #2 (Page-34), Audio-Frequency Amplifier (Page-38), Tuned-Radio-Frequency Tuner (Page-44), AC-DC Superheterodyne Receiver (Page-54), Code Oscillator (Page-65).
600 ## - SUBJECT ADDED ENTRY--PERSONAL NAME
Personal name Marcus, Abraham
9 (RLIN) 40045
650 ## - SUBJECT ADDED ENTRY--TOPICAL TERM
Topical term or geographic name entry element Radio projects
9 (RLIN) 105332
942 ## - ADDED ENTRY ELEMENTS (KOHA)
Source of classification or shelving scheme
Koha item type Book
Holdings
Withdrawn status Lost status Source of classification or shelving scheme Damaged status Not for loan Permanent Location Current Location Shelving location Date acquired Full call number Barcode Date last seen Price effective from Koha item type Public note
          Military College of Signals (MCS) Military College of Signals (MCS) General Stacks 12/12/2016 621.384,MAR MCS6651 12/08/2016 12/12/2016 Book Almirah No.38, Shelf No.2
© 2023 Central Library, National University of Sciences and Technology. All Rights Reserved.